Statistics for NBA Teams - Eastern Confence

Click here to take the quiz!

General Stats

  • This quiz has been taken 28 times
  • The average score is 14 of 15

Answer Stats

Ranking in conference (2018-2019)Answer% Correct
6Brooklyn Nets
100%
14Cleveland Cavaliers
100%
1Milwaukee Bucks
100%
15New York Knicks
100%
7Orlando Magic
100%
2Toronto Raptors
100%
12Atlanta Hawks
94%
4Boston Celtics
94%
13Chicago Bulls
94%
5Indiana Pacers
94%
10Miami Heat
94%
3Philadelphia 76ers
94%
11Washington Wizards
94%
9Charlotte Hornets
88%
8Detroit Pistons
88%

Score Distribution

Percentile by Number Answered

Percent of People with Each Score

Your Score History

You have not taken this quiz